New rules on timing of rent increases (Record no. 72100)

MARC details
000 -LEADER
fixed length control field 01196cam a2200241 4500
001 - CONTROL NUMBER
control field WB3906-16
008 - FIXED-LENGTH DATA ELEMENTS--GENERAL INFORMATION
fixed length control field 030212n2003 000 0 eng u
035 ## - SYSTEM CONTROL NUMBER
System control number (Sirsi) u121332
245 ## - TITLE STATEMENT
Title New rules on timing of rent increases
260 ## - PUBLICATION, DISTRIBUTION, ETC.
Date of publication, distribution, etc. 2003
490 ## - SERIES STATEMENT
Series statement ODPM News Release
Volume/sequential designation (022) 11 February 2003 (2)
520 ## - SUMMARY, ETC.
Summary, etc. Government has changed the rules on the timing of rent increases for assured periodic tenancies in England and Wales. The Regulatory Reform (Assured Periodic Tenancies) (Rent Increases) Order 2003 will from the 11 February stop the forward drift of rent increase dates for weekly tenancies, thus allowing landlords to choose to set a fixed day for increases. http://www.gnn.gov.uk/gnn/national.nsf/Daily+News/AAD83C238EA7D78C80256CCA004E069A?opendocument
590 ## - LOCAL NOTE (RLIN)
Local note WB
650 ## - SUBJECT ADDED ENTRY--TOPICAL TERM
Topical term or geographic name entry element RENT INCREASES
650 ## - SUBJECT ADDED ENTRY--TOPICAL TERM
Topical term or geographic name entry element ASSURED PERIODIC TENANCIES
650 ## - SUBJECT ADDED ENTRY--TOPICAL TERM
Topical term or geographic name entry element REGULATORY REFORM (ASSURED PERIODIC TENANCIES) (RENT INCREASES) ORDER 2003
650 ## - SUBJECT ADDED ENTRY--TOPICAL TERM
Topical term or geographic name entry element ASSURED TENANCIES AND AGRICULTURAL OCCUPANCIES (FORMS) (AMENDMENT) (ENGLAND) REGULATIONS 2003
650 ## - SUBJECT ADDED ENTRY--TOPICAL TERM
Topical term or geographic name entry element TIMING
650 ## - SUBJECT ADDED ENTRY--TOPICAL TERM
Topical term or geographic name entry element ENGLAND
650 ## - SUBJECT ADDED ENTRY--TOPICAL TERM
Topical term or geographic name entry element WALES
690 ## - LOCAL SUBJECT ADDED ENTRY--TOPICAL TERM (OCLC, RLIN)
Topical term or geographic name as entry element PROPERTY-LANDLORD AND TENANT
942 ## - ADDED ENTRY ELEMENTS (KOHA)
Suppress in OPAC 0
Holdings
Withdrawn status Lost status Source of classification or shelving scheme Damaged status Not for loan Home library Current library Shelving location Date acquired Total Checkouts Full call number Barcode Date last seen Copy number Price effective from Koha item type
    Dewey Decimal Classification     London London News article 12/02/2003   WB3906-16 121332-1001 06/08/2019 1 06/08/2019 News article